|
|
|
|
| LEADER |
00882cam a2200241 a 4500 |
| 001 |
0000098112 |
| 005 |
20080827090000.0 |
| 040 |
|
|
|a mod
|
| 041 |
|
|
|a eng
|
| 020 |
0 |
0 |
|a 156670622X
|
| 090 |
0 |
0 |
|a 628.92
|b BUR
|e 2008
|
| 100 |
1 |
0 |
|a Burke
|h Rober
|
| 245 |
1 |
0 |
|a Fire protection
|b systems and response
|c Robert Burke.
|
| 260 |
0 |
0 |
|a Boca Raton
|b CRC Press
|c c2008.
|
| 300 |
|
|
|a 295 p.
|b ill.
|c 25 cm.
|
| 504 |
0 |
0 |
|a Includes bibliographical references (p. 289-291) and index.
|
| 650 |
0 |
0 |
|a Fire prevention
|x Equipment and supplies.
|
| 650 |
0 |
0 |
|a Fire alarms.
|
| 650 |
0 |
0 |
|a Fire sprinklers.
|
| 852 |
0 |
0 |
|a 01
|
| 999 |
|
|
|a 0269658
|b KEMENTAH
|d BOOKS
|e Rujukan
|f Perpustakaan KEMENTAH
|j AVAILABLE
|q GOOD CONDITION
|
| 999 |
|
|
|a 0270799
|b Markas Garison Gemas
|d BOOKS
|e Umum
|f Markas Garison Gemas
|j AVAILABLE
|q GOOD CONDITION
|
| 999 |
|
|
|a 0272593
|b KEMENTAH
|d BOOKS
|e Rujukan
|f Perpustakaan KEMENTAH
|j AVAILABLE
|q GOOD CONDITION
|